Statistics for Hamburg Champions League Winner Starting XI

Click here to take the quiz!

General Stats

  • This quiz has been taken 44 times
  • The average score is 5 of 11

Answer Stats

Player% Correct
Felix Magath
93%
Horst Hrubesch
71%
Manfred Kaltz
71%
Uli Stein
66%
Lars Bastrup
37%
Ditmar Jakobs
34%
Holger Hieronymus
34%
Bernd Wehmeyer
32%
Jürgen Groh
32%
Jürgen Milewski
32%
Wolfgang Rolff
27%

Score Distribution

Percentile by Number Answered

Percent of People with Each Score

Your Score History

You have not taken this quiz